|
|
|
|
| LEADER |
01107nam a2200301 4500 |
| 001 |
00023202 |
| 008 |
111114r20031983bg w 000 0 eng d |
| 040 |
|
|
|a BD-DhAAL
|c BD-DhAAL
|d BD-DhAAL
|
| 082 |
0 |
0 |
|a 348.5492/046
|
| 999 |
|
|
|c 11416
|d 11416
|
| 999 |
|
|
|c 11416
|
| 999 |
|
|
|c 11416
|
| 130 |
0 |
|
|a BLD
|9 796
|
| 245 |
0 |
4 |
|a Bangladesh legal decisions,
|c editor Kazi Ebadul Hoque
|n volume no.3
|
| 246 |
1 |
7 |
|a B.L.D.
|
| 260 |
|
|
|a Dhaka :
|b Bangladesh Bar Council,
|c 1983 [Reprinted 2003]
|
| 300 |
|
|
|a Various pagings ;
|c 24 cm.
|
| 362 |
0 |
|
|a Vol.III,1983
|
| 500 |
|
|
|a Dec. '83, REGN. NO. DA513, Volume III
|
| 500 |
|
|
|a Appellate Div.High Court Div. BD, Statutes
|
| 541 |
|
|
|e 00023202
|
| 590 |
|
|
|a Published yearly.
|
| 650 |
|
0 |
|a Law reports, digests, etc.
|z Bangladesh.
|9 1655
|
| 700 |
1 |
|
|a Edadul Hoque,Kazi
|9 1656
|
| 710 |
1 |
|
|a Bangladesh Bar Council.
|9 799
|
| 852 |
4 |
|
|a Ayesha Abed Library
|j General shelf
|
| 942 |
|
|
|2 ddc
|c 1HOUR
|
| 952 |
|
|
|0 0
|1 0
|2 ddc
|4 0
|6 348_549204600000000_BAN
|7 0
|9 18560
|a BRACUL
|b BRACUL
|c REF
|d 2011-11-16
|l 1
|o 348.5492046 BAN
|p 3010023202
|r 2016-03-24
|s 2016-03-24
|t 1
|w 2011-11-16
|y 1HOUR
|x Available
|